Zoología: principios integrales

Kaydedildi:
Detaylı Bibliyografya
Yazar: Hickman, Cleveland P (Yazar)
Diğer Yazarlar: Roberts, Larry S, Parson, Allan
Materyal Türü: Kitap
Dil:İspanyolca
Baskı/Yayın Bilgisi: Madrid McGraw Hill Interamericana 2002
Edisyon:Quinta edición
Konular:
Etiketler: Etiketle
Etiket eklenmemiş, İlk siz ekleyin!

MARC

LEADER 00000nam a2200000 a 4500
001 UCM4792
003 CL-VaPUC
005 20241204104847.0
008 020906e20020000SP |||||||||||||||||spa|d
999 |c 301261  |d 301259 
020 |a 8448603303 
040 |c Pontificia Universidad Católica de Valparaíso 
082 0 4 |a 590 HIC 2002  |2 21 
100 |a Hickman, Cleveland P  |e author  |9 547215 
245 1 0 |a Zoología: principios integrales 
250 |a Quinta edición 
260 |a Madrid  |b McGraw Hill Interamericana  |c 2002 
300 |a 895 páginas 
500 |a EJEMPLAR CORRESPONDIENTE A INSTITUTO DE BIOLOGIA SE ENCUENTRA EN LABORATORIO DE ZOOLOGIA 
583 |a last modification  |c 20171031 11:00:23  |k Rodrigo Vera 
650 0 |a Zoología  |x Animales  |9 338540 
650 0 |a Genética animal  |x Reproducción   |9 262192 
650 0 |a Fisiología animal  |x Biología animal  |x Anatomía animal  |9 261425 
700 0 |a Roberts, Larry S  |9 471189 
700 0 |a Parson, Allan  |9 471190 
942 |c BK  |2 ddc 
945 |d 20020906 00:00:00  |a vberengu 
952 |0 0  |1 0  |2 ddc  |4 0  |6 590_000000000000000_HIC_2002  |7 0  |8 A  |9 360050  |a BIBCUR  |b BIBCUR  |d 2019-11-21  |i 3841537  |o 590 HIC 2002  |p 3841537  |r 2025-04-22  |t 1  |w 2019-11-21  |y BK  |k BIO 
952 |0 0  |1 0  |2 ddc  |4 0  |6 590_000000000000000_HIC_2002  |7 0  |8 A  |9 360051  |a BIBCUR  |b BIBCUR  |d 2019-11-21  |i 3841553  |o 590 HIC 2002  |p 3841553  |r 2025-04-22  |t 2  |w 2019-11-21  |y BK  |k BIO 
952 |0 0  |1 0  |2 ddc  |4 0  |6 590_000000000000000_HIC_2002  |7 0  |8 A  |9 360052  |a BIBCUR  |b BIBCUR  |d 2019-11-21  |i 4247353  |l 2  |o 590 HIC 2002  |p 4247353  |r 2025-04-22  |s 2024-09-11  |t 3  |w 2019-11-21  |y BK  |k BIO 
952 |0 0  |1 0  |2 ddc  |4 0  |6 590_000000000000000_HIC_2002  |7 0  |8 A  |9 360053  |a BIBCUR  |b BIBCUR  |d 2019-11-21  |i 4300769  |o 590 HIC 2002  |p 4300769  |r 2025-04-22  |t 4  |w 2019-11-21  |y BK  |k BIO 
952 |0 0  |1 0  |2 ddc  |4 0  |6 590_000000000000000_HIC_2002  |7 0  |8 A  |9 360054  |a BIBCUR  |b BIBCUR  |d 2019-11-21  |i 4300777  |o 590 HIC 2002  |p 4300777  |r 2025-04-22  |t 5  |w 2019-11-21  |y BK  |k BIO 
952 |0 0  |1 0  |2 ddc  |4 0  |6 590_000000000000000_HIC_2002  |7 0  |8 A  |9 360055  |a BIBCUR  |b BIBCUR  |d 2019-11-21  |i 4300785  |o 590 HIC 2002  |p 4300785  |r 2025-04-22  |t 6  |w 2019-11-21  |y BK  |k BIO